La nuit je mens - A. Bashung (Paroles) - Statistiques

Statistiques générales
  • Ce quiz a été pris 57 fois
  • Le résultat moyen est 223 sur 265
Statistiques - réponses
Hint Réponse % Correct
je
100%
Je
100%
la
100%
Refrain (x2) La
100%
le
100%
m'a
100%
Couplet On
100%
à
98%
À
98%
dans
98%
de
98%
des
98%
Des
98%
les
98%
m'en
98%
nuit
98%
au
95%
J'ai
95%
j'ai
95%
mens
95%
mens,
95%
Vercors,
95%
Vercors
95%
fait
93%
l'élastique
93%
sauter
93%
l'amour,
90%
mort
90%
vu
90%
criques
88%
en
88%
fond
88%
lave
88%
mains
88%
cour
85%
montagnes
85%
murènes
85%
plaine
85%
prends
85%
questions
85%
trains
85%
te
83%
travers
83%
encore
80%
80%
pas
78%
d'amphores
76%
station
76%
ton
76%
balnéaire,
73%
crin,
73%
subsiste
73%
t'es
73%
Tes
73%
née
71%
T'étais
71%
un
71%
Un
71%
Voleur
71%
écho
68%
tu
68%
prier
66%
boîte
63%
bottes
63%
crânienne
61%
Pour
61%
cette
59%
peu,
56%
histoire
54%
pensées,
54%
saison
54%
gant
51%
miennes
51%
faisais
49%
geyser
49%
jour
49%
cirque,
46%
d'eau
46%
rose
46%
vie
46%
dynamiteur
44%
estrade,
44%
plaire
44%
T'accaparer
44%
t'accaparer
44%
autre
41%
danser
41%
D'estrade
41%
Dresseur
41%
malentendus
41%
seulement,
41%
chercher
39%
d'aqueducs
39%
kilomètres
39%
effrontément
37%
J'étais
37%
loulous,
37%
tant
32%
trempais,
32%
Aucun quiz correspondant
Distribution des résultats
% des personnes avec chaque résultat
Percentile par nombre de réponses
Votre historique - résultats
Vous n’avez pas pris ce quiz